000 01079nam a2200253 i 4500
001 113771
003 ES-MaACL
005 20251202150838.0
007 t|
008 061121s1915 sp |||| | spa d
100 1 _aPacheco y de Leyva, Enrique,
_d1878-1924
_988141
245 1 3 _aLa intervención de Floridablanca en la redacción del Breve para la supresión de los jesuítas (1772-1773) /
_cEnrique Pacheco y de Leyva.
260 _aMadrid :
_b[s.n],
_c1915 (
_fImp. Blass y Cª)
300 _a164 p. ;
_c27 cm.
530 _aDisponible en formato digital.
594 _aPrecede al tít.: Junta para Ampliación de Estudios e Investigaciones Científicas. Escuela Española en Roma.
600 1 4 _aFloridablanca, José Moñino
_cConde de.
_951333
610 2 4 _aJesuitas-
_zEspaña-
_yS.XVIII.
_9149153
710 2 _aEscuela Española de Historia y Arqueología en Roma.
_9165844
852 _aES-MaACL
_jB-4907
_cSPB
856 4 _uhttps://archive.org/details/laintervencinde00italgoog/page/n7
_y(Internet Archive)
942 _2udc
999 _c113771
_d113771